[Event "34th Zalakaros Open 2015"]
[Site "Zalakaros HUN"]
[Date "2015.05.20"]
[Round "7.1"]
[White "Wagner, Dennis"]
[Black "Boruchovsky, Avital"]
[Result "0-1"]
[WhiteTitle "IM"]
[BlackTitle "GM"]
[WhiteElo "2572"]
[BlackElo "2517"]
[WhiteFideId "24650684"]
[BlackFideId "2800055"]
[EventDate "2015.05.14"]
[EventType "swiss"]

1. d4 Nf6 2. c4 e6 3. Nc3 Bb4 4. Nf3 d5 5. Qa4+ Nc6 6. e3 Bd7 7. Qc2 O-O 8. a3
Be7 9. b4 dxc4 10. Bxc4 a5 11. b5 Na7 12. Ne5 Be8 13. O-O c6 14. bxc6 Nxc6 15.
Rd1 Rc8 16. Bb2 Qc7 17. Nb5 Nxd4 18. Nxd4 Qxe5 19. Qe2 Qh5 20. Qxh5 Nxh5 21. Be2
Nf6 22. a4 Bd7 23. Kf1 Rfd8 24. Nb5 Nd5 25. Rab1 Be8 26. Bd4 Rc2 27. g3 f5 28.
Bf3 Rc4 29. Rdc1 Rxc1+ 30. Rxc1 Bc6 31. Be2 Kf7 32. Rb1 Bb4 33. Rc1 Rd7 34. h4
Nc7 35. Bb6 Nd5 36. Bd4 Nf6 37. f3 h6 38. Kf2 g5 39. hxg5 hxg5 40. Bc4 g4 41.
fxg4 fxg4 42. Be2 Ne4+ 43. Kg1 Nxg3 44. Bxg4 Kg6 45. Kf2 Ne4+ 46. Ke2 Ng5 47.
Rg1 Bd5 48. Rc1 Rh7 49. Rc8 Rh2+ 50. Kd1 Ne4 51. Kc1 Ba2 52. Be5 Rf2 53. Nd4
Bd2+ 54. Kd1 Rf1+ 55. Ke2 Re1+ 56. Kf3 Rxe3+ 57. Kg2 Nf6 58. Bxf6 Kxf6 59. Rc2
Bd5+ 60. Kf2 Rd3 61. Nb5 Bf4 62. Nc7 Bxc7 63. Rxc7 Rd4 64. Bh5 Rxa4 65. Be8 Rb4 0-1

[Event "34th Zalakaros Open 2015"]
[Site "Zalakaros HUN"]
[Date "2015.05.20"]
[Round "7.2"]
[White "Ragger, Markus"]
[Black "Bluebaum, Matthias"]
[Result "1-0"]
[WhiteTitle "GM"]
[BlackTitle "IM"]
[WhiteElo "2668"]
[BlackElo "2594"]
[WhiteFideId "1610856"]
[BlackFideId "24651516"]
[EventDate "2015.05.14"]
[EventType "swiss"]

1. e4 e6 2. d4 d5 3. Nc3 Nf6 4. e5 Nfd7 5. f4 c5 6. Nf3 Be7 7. Be3 Nc6 8. Qd2 a6
9. dxc5 Nxc5 10. a3 O-O 11. Be2 b6 12. O-O Bb7 13. Rad1 Nd7 14. Bd3 f5 15. b4 a5
16. b5 Na7 17. Nd4 Nc5 18. g4 g6 19. h3 Qd7 20. gxf5 gxf5 21. Kh2 Kh8 22. Rg1
Rg8 23. Nce2 Rac8 24. Ng3 Nxd3 25. Qxd3 Rg6 26. a4 Rcg8 27. Nf3 Nc8 28. Bd4 Qe8
29. Bb2 Qf8 30. Nd4 Qh6 31. Qf3 Bd8 32. Nh5 Rxg1 33. Rxg1 Rxg1 34. Kxg1 Qg6+ 35.
Kf1 Kg8 36. Ne2 Kf7 37. Bd4 Ke8 38. Nc1 Kd7 39. Nd3 Kc7 40. Nf6 Be7 41. h4 h5
42. Qg2 Qf7 43. Ne1 Bd8 44. Nf3 Qe7 45. Qg7 1-0

[Event "34th Zalakaros Open 2015"]
[Site "Zalakaros HUN"]
[Date "2015.05.20"]
[Round "7.4"]
[White "Berkes, Ferenc"]
[Black "Prohaszka, Peter2"]
[Result "1-0"]
[WhiteTitle "GM"]
[BlackTitle "GM"]
[WhiteElo "2664"]
[BlackElo "2582"]
[WhiteFideId "718572"]
[BlackFideId "726265"]
[EventDate "2015.05.14"]
[EventType "swiss"]

1. d4 d5 2. Bf4 c5 3. e4 dxe4 4. d5 Nf6 5. Nc3 a6 6. Qe2 g6 7. O-O-O Bg7 8. Nxe4
Nxe4 9. Qxe4 O-O 10. Qe3 Qa5 11. Kb1 Bf5 12. Bh6 Rd8 13. Bxg7 Kxg7 14. Be2 Qa4
15. Qc1 Rd6 16. f3 h5 17. b3 Qd7 18. h4 Rxd5 19. g4 Rxd1 20. Bxd1 hxg4 21. h5
Qc6 22. hxg6 Qxg6 23. fxg4 Be4 24. Bf3 Bc6 25. Rh5 Qf6 26. Rf5 Qe6 27. Nh3 Bxf3
28. Ng5 Qxf5 29. gxf5 Bc6 30. Qb2+ f6 31. Ne6+ Kf7 32. Qc3 Bd7 33. Qg3 1-0

[Event "34th Zalakaros Open 2015"]
[Site "Zalakaros HUN"]
[Date "2015.05.20"]
[Round "7.5"]
[White "Deac, Bogdan-Daniel"]
[Black "Melkumyan, Hrant"]
[Result "1/2-1/2"]
[WhiteTitle "IM"]
[BlackTitle "GM"]
[WhiteElo "2437"]
[BlackElo "2654"]
[WhiteFideId "1226380"]
[BlackFideId "13302485"]
[EventDate "2015.05.14"]
[EventType "swiss"]

1. c4 e6 2. Nf3 d5 3. d4 Nf6 4. Nc3 Bb4 5. cxd5 exd5 6. Bg5 h6 7. Bh4 Nbd7 8.
Qc2 g5 9. Bg3 Ne4 10. Nd2 Nxg3 11. hxg3 c6 12. a3 Bxc3 13. Qxc3 Nf6 14. e3 Be6
15. Bd3 Qe7 16. b4 Kf8 17. Qc5 a6 18. Nb3 Re8 19. a4 Kg7 20. b5 axb5 21. Qxe7
Rxe7 22. axb5 cxb5 23. Bxb5 Bf5 24. Nc5 b6 25. Nd3 Ne4 26. Nb4 Be6 27. Bc6 Nf6
28. Ra6 Rb8 29. Ke2 Rc7 30. Rha1 h5 31. Ra7 Rxa7 32. Rxa7 h4 33. gxh4 gxh4 34.
f3 Rh8 35. Rb7 h3 36. gxh3 Rxh3 37. Rxb6 Rh2+ 38. Ke1 Rh3 39. Kf2 Rh2+ 40. Kf1
Rh1+ 41. Kg2 Rd1 42. Na6 Rc1 43. Nc5 Rc2+ 44. Kf1 Nh5 45. Ke1 Ng3 46. Kd1 Rf2
47. Bb7 Rf1+ 48. Kd2 Rf2+ 49. Kc3 Ne2+ 50. Kb4 Ng3 51. Nxe6+ fxe6 52. Kc5 Rxf3
53. Rxe6 Nf5 54. e4 dxe4 55. Bxe4 Nxd4 56. Rg6+ Kf7 57. Kxd4 Rf6 58. Rg1 Ke6 59.
Ra1 Kd6 60. Ra2 Ke6 61. Bd5+ Kd6 62. Ra8 Rf4+ 63. Be4 Rf6 64. Ra5 Ke6 65. Re5+
Kd6 66. Rc5 Ke6 67. Rb5 Kd6 68. Rb7 Ke6 69. Rb6+ Ke7 70. Rxf6 Kxf6 1/2-1/2

[Event "34th Zalakaros Open 2015"]
[Site "Zalakaros HUN"]
[Date "2015.05.20"]
[Round "7.6"]
[White "Ruck, Robert"]
[Black "Adhiban, Baskaran"]
[Result "0-1"]
[WhiteTitle "GM"]
[BlackTitle "GM"]
[WhiteElo "2562"]
[BlackElo "2636"]
[WhiteFideId "705713"]
[BlackFideId "5018471"]
[EventDate "2015.05.14"]
[EventType "swiss"]

1. Nf3 Nf6 2. c4 g6 3. d4 Bg7 4. g3 O-O 5. Bg2 d6 6. O-O Nbd7 7. Nc3 e5 8. e4 c6
9. h3 Qb6 10. Re1 exd4 11. Nxd4 Re8 12. Na4 Qa5 13. Bf4 Ne5 14. b3 a6 15. Rc1
Nh5 16. Be3 b5 17. cxb5 axb5 18. Nc3 Bb7 19. Nde2 Rad8 20. g4 Nf6 21. f4 Ned7
22. Ng3 Nxg4 23. hxg4 Bxc3 24. Re2 b4 25. Rec2 c5 26. Qxd6 Re6 27. Qd3 Ne5 28.
Qf1 Nxg4 29. Bf2 Nxf2 30. Kxf2 Ba6 31. Qh1 Qc7 32. e5 Bd4+ 33. Kf3 Bxe5 34. fxe5
Qxe5 35. Ne4 Rd3+ 36. Kf2 Qd4+ 0-1

[Event "34th Zalakaros Open 2015"]
[Site "Zalakaros HUN"]
[Date "2015.05.20"]
[Round "7.7"]
[White "Papp, Gabor1"]
[Black "Vajda, Szidonia"]
[Result "1-0"]
[WhiteTitle "GM"]
[BlackTitle "IM"]
[WhiteElo "2594"]
[BlackElo "2333"]
[WhiteFideId "718602"]
[BlackFideId "723894"]
[EventDate "2015.05.14"]
[EventType "swiss"]

1. Nf3 d5 2. g3 c6 3. Bg2 g6 4. c4 Bg7 5. O-O Nf6 6. b3 Ne4 7. d4 O-O 8. Bb2 b5
9. cxd5 cxd5 10. Nbd2 Nxd2 11. Qxd2 Bb7 12. Rfc1 a6 13. Ne5 f6 14. Nd3 Nd7 15.
Qb4 Re8 16. a4 Qb6 17. axb5 axb5 18. Rxa8 Bxa8 19. Nc5 Nb8 20. Ra1 Bc6 21. Ne6
Kf7 22. Nxg7 Kxg7 23. h4 Nd7 24. Bh3 Nf8 25. Rc1 f5 26. h5 Kf7 27. Qd2 Ra8 28.
Bc3 Ra3 29. Bb4 Rxb3 30. Bc5 Qa6 31. Qg5 Qb7 32. Bxf5 Rb2 33. Bd3 Ra2 34. Rb1
Qd7 35. Kg2 Qe6 36. Rh1 Qf6 37. hxg6+ hxg6 38. Qc1 Bd7 39. Qb1 Ra5 40. Rh4 g5
41. Rh2 Ra8 42. Qb3 Bc6 43. Rh5 Kg7 44. Qb4 Re8 45. Qb1 Bd7 46. f3 Ne6 47. Rh7+
Kg8 48. Qh1 Nxc5 49. dxc5 g4 50. f4 Bf5 51. Rh6 Bxd3 52. Qh5 Be4+ 53. Kh2 Qxh6
54. Qxh6 Ra8 55. Kg1 Ra2 56. c6 Rc2 57. Qe6+ Kf8 58. Qc8+ Kf7 59. f5 b4 60. Qe6+
Kf8 61. f6 exf6 62. Qxf6+ Ke8 63. Qe6+ Kf8 64. Qd6+ Kf7 65. Qd7+ Kf6 66. Qd6+
Kf7 67. Qxb4 Bf5 68. Kf2 Rc4 69. Qb7+ Kf6 70. Qb2+ Kf7 71. Qe5 Be6 72. Qd6 Kf6
73. Ke3 Kf7 74. c7 Kf6 75. Kd3 Kf7 76. Kd2 Kf6 77. e3 Kf7 78. Qd8 Kg6 79. Qe8+
Kf6 80. Qd8+ Kg6 81. Qe7 Kf5 82. Qg7 Rc6 83. Qf8+ Kg5 84. Qe8 1-0

[Event "34th Zalakaros Open 2015"]
[Site "Zalakaros HUN"]
[Date "2015.05.20"]
[Round "7.8"]
[White "Medvegy, Zoltan"]
[Black "Szabo, Gergely-Andras-Gyula"]
[Result "1/2-1/2"]
[WhiteTitle "GM"]
[BlackTitle "GM"]
[WhiteElo "2535"]
[BlackElo "2548"]
[WhiteFideId "708402"]
[BlackFideId "1205064"]
[EventDate "2015.05.14"]
[EventType "swiss"]

1. Nf3 d5 2. g3 g6 3. Bg2 Bg7 4. O-O e5 5. c4 dxc4 6. Qa4+ Nc6 7. Qxc4 Nge7 8.
d3 Be6 9. Qc2 O-O 10. Be3 h6 11. Rc1 1/2-1/2

[Event "34th Zalakaros Open 2015"]
[Site "Zalakaros HUN"]
[Date "2015.05.20"]
[Round "7.9"]
[White "Burmakin, Vladimir"]
[Black "Smith, Bryan G"]
[Result "1/2-1/2"]
[WhiteTitle "GM"]
[BlackTitle "GM"]
[WhiteElo "2585"]
[BlackElo "2467"]
[WhiteFideId "4105109"]
[BlackFideId "2017083"]
[EventDate "2015.05.14"]
[EventType "swiss"]

1. d4 Nf6 2. Nf3 e6 3. Bf4 b6 4. e3 Bb7 5. Be2 Nh5 6. Bg5 Be7 7. Bxe7 Qxe7 8.
O-O d6 9. Nfd2 Nf6 10. Bf3 c6 11. c4 O-O 12. Nc3 c5 13. Nde4 Nxe4 14. Bxe4 Bxe4
15. Nxe4 Nc6 16. d5 Na5 17. Qd3 a6 18. Nc3 e5 19. Rab1 f5 20. b3 Rab8 21. f4 g5
22. fxe5 Qxe5 23. Rbe1 Nb7 24. Re2 Rf7 25. Ref2 Rbf8 26. g4 f4 27. exf4 Rxf4 28.
Rxf4 Rxf4 29. Rxf4 Qxf4 30. h3 Nd8 31. Nd1 Nf7 32. Qe3 Qxe3+ 33. Nxe3 Kg7 34.
Kf2 Kf6 35. Nd1 Ke5 36. Ke3 Nh8 37. Nb2 Ng6 38. Nd3+ Kf6 39. Ke4 Ne7 40. Nc1 Kg6
41. Ne2 h5 42. Nc3 hxg4 43. hxg4 Ng8 44. Kf3 Nf6 45. a3 Kf7 46. Kg3 Kg6 47. Kf3 1/2-1/2

[Event "34th Zalakaros Open 2015"]
[Site "Zalakaros HUN"]
[Date "2015.05.20"]
[Round "7.10"]
[White "Raznikov, Danny"]
[Black "Onischuk, Vladimir"]
[Result "1-0"]
[WhiteTitle "IM"]
[BlackTitle "GM"]
[WhiteElo "2484"]
[BlackElo "2669"]
[WhiteFideId "2811154"]
[BlackFideId "14114038"]
[EventDate "2015.05.14"]
[EventType "swiss"]

1. d4 d6 2. e4 Nf6 3. Nc3 g6 4. Be3 a6 5. h3 b5 6. e5 Nfd7 7. Qf3 Ra7 8. O-O-O
Bb7 9. Qg3 b4 10. Nce2 Nb6 11. Nf4 Qd7 12. Nf3 Bh6 13. Ng5 Bxg5 14. Qxg5 Be4 15.
Bd3 h6 16. Qg3 Bxd3 17. Rxd3 Qf5 18. Qf3 d5 19. g4 Qe4 20. Qxe4 dxe4 21. Rdd1
N8d7 22. d5 Rb7 23. Rd4 a5 24. Rhd1 Nxe5 25. Rxe4 Nec4 26. Bd4 Nd6 27. Re2 Rg8
28. Bf6 Ndc8 29. b3 Kd8 30. Bb2 Nd6 31. Nd3 Nd7 32. a4 bxa3 33. Bxa3 a4 34. bxa4
Ra7 35. Nb2 Nb6 36. Rd4 Ra5 37. c4 Nxa4 38. Bb4 Ra6 39. c5 Nb5 40. Rd3 Nxb2 41.
Kxb2 Re8 42. Kb3 Kd7 43. c6+ Kd8 44. Ra2 Rxa2 45. Kxa2 Nd6 46. Rb3 Kc8 47. Rf3
Kb8 48. Bc5 f5 49. Rb3+ Kc8 50. Ba7 Kd8 51. Rb8+ Nc8 52. gxf5 gxf5 53. Be3 e5
54. Bc5 f4 55. Kb3 e4 56. Kc2 e3 57. fxe3 fxe3 58. Kd1 Re5 59. d6 Rxc5 60. d7
Rd5+ 61. Ke2 Rxd7 62. cxd7 Kxd7 63. Kxe3 Nd6 64. Kf4 Ke6 65. Rh8 Nf7 66. Rc8 Kd7
67. Ra8 c5 68. Kf5 Nd6+ 69. Kg6 c4 70. Kxh6 Ke6 71. Kg6 c3 72. Ra2 Kd5 73. h4
Nc4 74. h5 Ne5+ 75. Kg7 Ng4 76. Rg2 Ne3 77. Ra2 Kc4 78. Kg6 Kb3 79. Re2 Nd5 80.
Kg5 c2 81. Rxc2 Kxc2 82. h6 1-0

[Event "34th Zalakaros Open 2015"]
[Site "Zalakaros HUN"]
[Date "2015.05.20"]
[Round "7.11"]
[White "Vajda, Levente"]
[Black "Gledura, Benjamin"]
[Result "1-0"]
[WhiteTitle "GM"]
[BlackTitle "IM"]
[WhiteElo "2554"]
[BlackElo "2478"]
[WhiteFideId "1203975"]
[BlackFideId "712779"]
[EventDate "2015.05.14"]
[EventType "swiss"]

1. Nf3 d5 2. g3 Bg4 3. Bg2 Nd7 4. O-O e6 5. d3 Bd6 6. Nbd2 Ne7 7. b3 O-O 8. Bb2
c5 9. c4 Rc8 10. Rc1 a6 11. cxd5 Nxd5 12. a3 b5 13. Rc2 Re8 14. Qa1 Bf8 15. Rfc1
N5b6 16. Ne4 f6 17. Bc3 Nd5 18. Be1 f5 19. Ned2 Qb6 20. b4 Qb8 21. bxc5 Nxc5 22.
Nd4 f4 23. h3 Bh5 24. Nxe6 Nxe6 25. Rxc8 Rxc8 26. Bxd5 Bf7 27. Rxc8 Qxc8 28. Ne4
fxg3 29. fxg3 Qd7 30. Bxe6 Qxe6 31. Bb4 Bg6 32. Bxf8 Kxf8 33. Qf1+ Kg8 34. Nc5
Qe5 35. Qf2 Qa1+ 36. Kg2 Qxa3 37. Qd4 h5 38. Qd5+ Kh7 39. Kf2 Qc3 40. Nd7 Qc8
41. g4 Qd8 42. Qd6 Qh4+ 43. Kg2 Be8 44. Nf8+ Kg8 45. Ne6 Qf6 46. g5 Qf7 47. Qxa6
b4 48. Qb6 Qe7 49. h4 g6 50. Kf2 Bf7 51. Nc5 b3 52. Qb8+ Kh7 53. Nxb3 Qd7 54.
Qb4 Bxb3 55. Qxb3 Qd4+ 56. Kf3 Qg4+ 57. Ke3 Qg3+ 58. Kd2 Qf4+ 59. Kc2 Qxh4 60.
Qf7+ Kh8 61. Qf8+ Kh7 62. Qh6+ Kg8 63. Qxg6+ Kf8 64. Qf6+ Kg8 65. Qe6+ Kg7 66.
Qe5+ Kg8 67. Kd2 Qb4+ 68. Ke3 Qg4 69. Qd5+ 1-0

[Event "34th Zalakaros Open 2015"]
[Site "Zalakaros HUN"]
[Date "2015.05.20"]
[Round "7.12"]
[White "Sagar, Shah"]
[Black "Horvath, Csaba"]
[Result "1/2-1/2"]
[WhiteTitle "IM"]
[BlackTitle "GM"]
[WhiteElo "2436"]
[BlackElo "2549"]
[WhiteFideId "5022509"]
[BlackFideId "700118"]
[EventDate "2015.05.14"]
[EventType "swiss"]

1. d4 Nf6 2. c4 g6 3. Nf3 Bg7 4. g3 O-O 5. Bg2 c6 6. Nc3 d5 7. cxd5 cxd5 8. Ne5
e6 9. O-O Nfd7 10. f4 Nc6 11. Be3 Nb6 12. Bf2 Ne7 13. b3 Bd7 14. Rc1 Rc8 15. Qd2
Rc7 16. g4 Nbc8 17. e3 Nd6 18. Bh4 f6 19. Nd3 b6 20. Bg3 1/2-1/2

[Event "34th Zalakaros Open 2015"]
[Site "Zalakaros HUN"]
[Date "2015.05.20"]
[Round "7.13"]
[White "Varga, Zoltan"]
[Black "Horvath, Jozsef1"]
[Result "1/2-1/2"]
[WhiteTitle "GM"]
[BlackTitle "GM"]
[WhiteElo "2473"]
[BlackElo "2538"]
[WhiteFideId "700509"]
[BlackFideId "700061"]
[EventDate "2015.05.14"]
[EventType "swiss"]

1. e4 e6 2. d4 d5 3. Nc3 Nf6 4. e5 Nfd7 5. f4 c5 6. Nf3 Nc6 7. Be3 a6 8. Qd2 b5
9. Be2 Be7 10. O-O O-O 11. Nd1 b4 12. dxc5 Bxc5 13. Bxc5 Nxc5 14. c3 a5 15. Qe3
Qb6 16. Rc1 Ba6 17. cxb4 Nxb4 18. Bxa6 Nbxa6 19. Nd4 Ne4 20. f5 Rac8 21. Nc3
Nac5 22. Nb3 Rc6 23. Nd4 Rcc8 24. Nb3 Rc6 25. Nd4 Rcc8 1/2-1/2

[Event "34th Zalakaros Open 2015"]
[Site "Zalakaros HUN"]
[Date "2015.05.20"]
[Round "7.14"]
[White "Horvath, Adam1"]
[Black "Czebe, Attila"]
[Result "1-0"]
[WhiteTitle "GM"]
[BlackTitle "GM"]
[WhiteElo "2528"]
[BlackElo "2474"]
[WhiteFideId "708003"]
[BlackFideId "705268"]
[EventDate "2015.05.14"]
[EventType "swiss"]

1. e4 g6 2. d4 Bg7 3. Nc3 Nc6 4. Nge2 d6 5. Be3 Nf6 6. f3 e5 7. Qd2 exd4 8. Nxd4
O-O 9. O-O-O Nxd4 10. Bxd4 Be6 11. Be3 a6 12. h4 b5 13. g4 b4 14. Nd5 Bxd5 15.
exd5 Nd7 16. Bg5 Qe8 17. Re1 Ne5 18. f4 Nf3 19. Rxe8 Rfxe8 20. Qd1 Re1 21. Qxe1
Nxe1 22. f5 Nf3 23. Bf4 Re8 24. Bd3 a5 25. Rf1 Ne5 26. Bb5 Rb8 27. Be2 Nd7 28.
g5 Be5 29. Bxe5 Nxe5 30. f6 h5 31. Rf4 Kf8 32. a4 Ke8 33. Bb5+ Kd8 34. Bc6 Rb6
35. Re4 Rxc6 36. dxc6 Nxc6 37. c3 bxc3 38. bxc3 Ne5 39. Rd4 Kd7 40. Rd5 Nc4 41.
Rb5 Kc8 42. Kd1 c6 43. Rb1 Kc7 44. Ke2 Ne5 45. Ke3 Nc4+ 46. Kf4 Ne5 47. Ke4 Nc4
48. Kf4 Ne5 49. Rd1 Kd7 50. Rd2 Ke6 51. Re2 Kd5 52. Re3 c5 53. Re2 Nd3+ 54. Ke3
Ne5 55. Rd2+ Kc6 56. Kf4 c4 57. Ke4 Nd3 58. Kd4 Ne5 59. Rf2 1-0

[Event "34th Zalakaros Open 2015"]
[Site "Zalakaros HUN"]
[Date "2015.05.20"]
[Round "7.15"]
[White "Romanishin, Oleg M"]
[Black "Antal, Gergely"]
[Result "1-0"]
[WhiteTitle "GM"]
[BlackTitle "GM"]
[WhiteElo "2466"]
[BlackElo "2511"]
[WhiteFideId "14100088"]
[BlackFideId "717312"]
[EventDate "2015.05.14"]
[EventType "swiss"]

1. Nf3 g6 2. g3 Bg7 3. d4 Nf6 4. Bg2 O-O 5. c4 c6 6. Nc3 d5 7. Qb3 dxc4 8. Qxc4
Be6 9. Qa4 Nbd7 10. O-O Bf5 11. Re1 Ne4 12. Nh4 Nb6 13. Qd1 Nxc3 14. bxc3 Bg4
15. h3 Be6 16. Nf3 Qd7 17. Ng5 Bc4 18. Ne4 Qc7 19. Bf4 e5 20. dxe5 Bxe5 21. Bxe5
Qxe5 22. Qd4 Qxd4 23. cxd4 Rfd8 24. e3 Na4 25. Rec1 Be6 26. Rab1 Rab8 27. a3 Bf5
28. Rb4 Bxe4 29. Bxe4 Nb6 30. a4 Nd7 31. Rcb1 c5 32. Rxb7 Rxb7 33. Rxb7 cxd4 34.
exd4 a5 35. Rb5 Nf6 36. Bf3 Rxd4 37. Rxa5 Ne4 38. Ra8+ Kg7 39. a5 Ra4 40. a6 f5
41. h4 Ra1+ 42. Kg2 Ra2 43. Bxe4 fxe4 44. Kf1 Kf6 45. g4 h6 46. Ke1 Kg7 47. g5
hxg5 48. hxg5 Kf7 49. Kd1 Kg7 50. Ra7+ Kg8 51. Kc1 Ra5 52. Kc2 Rc5+ 53. Kd2 Rc6
54. Ke3 Re6 55. Kd4 Kf8 56. Kd5 Rb6 57. Kxe4 Re6+ 58. Kd5 Rb6 59. Kc5 Re6 60. f4 1-0

[Event "34th Zalakaros Open 2015"]
[Site "Zalakaros HUN"]
[Date "2015.05.20"]
[Round "7.16"]
[White "Kreisl, Robert"]
[Black "Sadzikowski, Daniel"]
[Result "1/2-1/2"]
[WhiteTitle "IM"]
[BlackTitle "IM"]
[WhiteElo "2420"]
[BlackElo "2494"]
[WhiteFideId "1613880"]
[BlackFideId "1132253"]
[EventDate "2015.05.14"]
[EventType "swiss"]

1. d4 Nf6 2. c4 g6 3. Nc3 d5 4. Nf3 Bg7 5. cxd5 Nxd5 6. e4 Nxc3 7. bxc3 c5 8.
Rb1 O-O 9. Be2 Nc6 10. d5 Ne5 11. Nxe5 Bxe5 12. Qc2 f5 13. f4 Bg7 14. e5 Qxd5
15. O-O Qd7 16. Bf3 Rb8 17. Be3 Qc7 18. Qa4 b6 19. Rfd1 Be6 20. Bd5 Bxd5 21.
Rxd5 Rfd8 22. Rbd1 Rxd5 23. Rxd5 Rd8 24. Qd1 Rxd5 25. Qxd5+ Kf8 26. Qe6 Qd8 27.
Kf2 Qe8 28. c4 Bh6 29. h4 Kg7 30. a4 Qf7 31. Qd7 e6 1/2-1/2

[Event "34th Zalakaros Open 2015"]
[Site "Zalakaros HUN"]
[Date "2015.05.20"]
[Round "7.17"]
[White "Havasi, Gergo"]
[Black "Diermair, Andreas"]
[Result "0-1"]
[BlackTitle "IM"]
[WhiteElo "2319"]
[BlackElo "2488"]
[WhiteFideId "760293"]
[BlackFideId "1612468"]
[EventDate "2015.05.14"]
[EventType "swiss"]

1. e4 e5 2. Nf3 Nc6 3. Bb5 a6 4. Ba4 Nf6 5. O-O Be7 6. d3 b5 7. Bb3 d6 8. a3 O-O
9. Nbd2 Na5 10. Ba2 c5 11. Re1 Nc6 12. Nf1 h6 13. c3 Be6 14. Bxe6 fxe6 15. h3
Qc7 16. b4 d5 17. Ng3 Rad8 18. Qe2 c4 19. exd5 exd5 20. d4 e4 21. Nh4 Rf7 22.
Ngf5 Kh7 23. a4 Bf8 24. axb5 axb5 25. f4 Ne7 26. Ra6 Nxf5 27. Nxf5 Qc8 28. Nxh6
gxh6 29. Rb6 Bd6 30. Qf2 Bc7 31. Rc6 Rd6 32. Rxd6 Bxd6 33. Qh4 Ng8 34. Rf1 Be7
35. Qh5 Qf5 36. Qxf5+ Rxf5 37. Be3 Bd6 38. g3 Rf7 39. Ra1 Bc7 40. Ra6 Kg7 41.
Rc6 h5 42. Rc5 h4 43. Rxd5 hxg3 44. Rxb5 Ne7 45. Rg5+ Kf6 46. Kf1 Nf5 47. Bg1
Rf8 48. h4 Ra8 49. h5 Ra2 50. h6 Nxh6 51. Rxg3 Bxf4 52. Rg2 Ra1+ 53. Ke2 Nf5 54.
Bf2 Ra3 55. Rg4 Ra2+ 56. Kf1 Be3 57. Be1 Bd2 58. Bxd2 Rxd2 59. Ke1 e3 60. d5 Rc2
61. Rxc4 Ng3 62. Rg4 Rc1# 0-1

[Event "34th Zalakaros Open 2015"]
[Site "Zalakaros HUN"]
[Date "2015.05.20"]
[Round "7.18"]
[White "Banusz, Tamas"]
[Black "Korpa, Bence"]
[Result "1-0"]
[WhiteTitle "GM"]
[BlackTitle "IM"]
[WhiteElo "2590"]
[BlackElo "2435"]
[WhiteFideId "722413"]
[BlackFideId "706671"]
[EventDate "2015.05.14"]
[EventType "swiss"]

1. Nf3 Nf6 2. g3 d5 3. Bg2 e6 4. O-O b5 5. d3 Bd6 6. e4 dxe4 7. dxe4 e5 8. c4
bxc4 9. Qc2 O-O 10. Nbd2 Bb7 11. Re1 c3 12. Qxc3 Nbd7 13. Nh4 g6 14. Nc4 Qe7 15.
a3 Bc5 16. Na5 Rab8 17. Nxb7 Rxb7 18. Nf3 Ng4 19. Re2 Ndf6 20. Kf1 Nxf2 21. b4
N2xe4 22. Qc2 Nxg3+ 23. hxg3 Nh5 24. Rxe5 Nxg3+ 25. Ke1 Bxb4+ 26. axb4 Qxb4+ 27.
Kf2 Nf5 28. Ba3 Qb6+ 29. Bc5 Qb2 30. Ra2 Qxc2+ 31. Rxc2 Rfb8 32. Nd4 Rb2 33.
Ree2 Rxc2 34. Rxc2 1-0

[Event "34th Zalakaros Open 2015"]
[Site "Zalakaros HUN"]
[Date "2015.05.20"]
[Round "7.19"]
[White "Kovchan, Alexander"]
[Black "Mesaros, Florian"]
[Result "1-0"]
[WhiteTitle "GM"]
[BlackTitle "FM"]
[WhiteElo "2585"]
[BlackElo "2390"]
[WhiteFideId "14103052"]
[BlackFideId "1629220"]
[EventDate "2015.05.14"]
[EventType "swiss"]

1. e4 c5 2. Nf3 e6 3. d4 cxd4 4. Nxd4 Nc6 5. Nc3 Qc7 6. Be2 a6 7. O-O Nf6 8. Be3
Be7 9. f4 d6 10. a4 O-O 11. Kh1 Re8 12. Bg1 Rb8 13. Qe1 b6 14. Qg3 Bb7 15. Rae1
Nd7 16. Bh5 Rf8 17. Bf3 Nxd4 18. Bxd4 e5 19. Be3 Bf6 20. f5 Bc6 21. Rd1 b5 22.
axb5 axb5 23. b4 Nb6 24. Bxb6 Rxb6 25. Be2 Ra8 26. Ra1 Qb7 27. Rxa8+ Qxa8 28.
Qe3 Rb8 29. Rd1 Be7 30. Nd5 Qb7 31. h3 Ra8 32. Qb3 Kf8 33. Kh2 Rd8 34. c4 Rc8
35. cxb5 Bxd5 36. Qxd5 Qxd5 37. Rxd5 Rb8 38. Bc4 Rc8 39. Be2 Rb8 40. Rd1 Ke8 41.
Ra1 Bd8 42. Bc4 Bb6 43. Bd5 Ke7 44. Rc1 Bd8 45. Bc6 Bb6 46. Kg3 Kf6 47. Kf3 Rc8
48. Ra1 h6 49. Ke2 Kg5 50. Ra3 Kf6 51. Kd3 Ke7 52. Kc4 Bg1 53. Kd5 Bf2 54. Rf3
Bb6 55. Rg3 Rg8 56. f6+ Kxf6 57. Kxd6 Bd4 58. Rf3+ Kg6 59. Kc7 Ba7 60. b6 Bb8+
61. Kd7 f6 62. Bd5 Rh8 63. Rg3+ Kh7 64. Rc3 1-0

[Event "34th Zalakaros Open 2015"]
[Site "Zalakaros HUN"]
[Date "2015.05.20"]
[Round "7.20"]
[White "Nagy, Gabor1"]
[Black "Donchenko, Alexander"]
[Result "0-1"]
[WhiteTitle "IM"]
[BlackTitle "IM"]
[WhiteElo "2396"]
[BlackElo "2570"]
[WhiteFideId "737119"]
[BlackFideId "24603295"]
[EventDate "2015.05.14"]
[EventType "swiss"]

1. Nf3 d5 2. c4 dxc4 3. Na3 a6 4. Nxc4 b5 5. Ne3 Bb7 6. g3 Nf6 7. Bg2 e6 8. O-O
c5 9. a4 Nbd7 10. b3 Bd6 11. d4 O-O 12. Ba3 Qe7 13. dxc5 Bxc5 14. Bxc5 Nxc5 15.
axb5 axb5 16. Qc2 b4 17. Ne5 Bxg2 18. Kxg2 Nfe4 19. Rxa8 Rxa8 20. Rd1 f6 21. Rd4
fxe5 22. Rxe4 Nxe4 23. Qxe4 Rf8 24. Ng4 Qc5 25. f3 Qd5 26. Qxd5 exd5 27. Nxe5
Re8 28. f4 Kf8 29. Kf2 Rc8 30. Nd3 Rb8 31. Ke3 Ke7 32. Kd4 Kd6 33. Nf2 Rc8 34.
e4 Rc3 35. exd5 Rxb3 36. Ne4+ Kc7 37. d6+ Kc6 38. d7 Kc7 39. Nc5 Rb2 40. h3 b3 0-1

[Event "34th Zalakaros Open 2015"]
[Site "Zalakaros HUN"]
[Date "2015.05.20"]
[Round "7.21"]
[White "Gonda, Laszlo"]
[Black "Paszewski, Mateusz"]
[Result "1-0"]
[WhiteTitle "GM"]
[WhiteElo "2553"]
[BlackElo "2200"]
[WhiteFideId "720852"]
[BlackFideId "1141058"]
[EventDate "2015.05.14"]
[EventType "swiss"]

1. d4 d5 2. Nf3 Nf6 3. c4 c6 4. g3 e6 5. Bg2 Nbd7 6. O-O Be7 7. Qc2 O-O 8. Rd1
b6 9. b3 Bb7 10. Nc3 Rc8 11. e4 Nxe4 12. Nxe4 dxe4 13. Qxe4 Qc7 14. Qc2 Rfd8 15.
Bf4 Bd6 16. Bg5 Re8 17. c5 bxc5 18. dxc5 Nxc5 19. Be3 Na6 20. Ng5 g6 21. Qc4 Be5
22. Qh4 f6 23. Ne4 g5 24. Qh6 Qg7 25. Qxg7+ Kxg7 26. Rd7+ Kg6 27. Rad1 Bc7 28.
Nd6 Bxd6 29. R1xd6 Nc7 30. g4 Nb5 31. Be4+ f5 32. gxf5+ Kf6 33. Rxe6+ Rxe6 34.
fxe6 Rc7 35. a4 Bc8 36. axb5 Bxd7 37. exd7 Rxd7 38. bxc6 Re7 39. Bd4+ Ke6 40.
Kg2 Kd6 41. f3 g4 42. Bf2 1-0